| 000 | 00560nam a2200169 i 4500 | ||
|---|---|---|---|
| 001 | 51503 | ||
| 003 | ES-MaACL | ||
| 005 | 20230906162357.0 | ||
| 007 | t| | ||
| 008 | 030813s1925 fr ||||1| fre d | ||
| 100 | 1 |
_aChevallier, Henry. _938426 |
|
| 245 | 1 | 0 |
_aCours pratique d'electricité industrielle a l'usage des professionnels et les eleves des ecoles d'enseignement technique / _cpar Henry Chevallier. |
| 250 | _a3eme ed. | ||
| 260 |
_aParÃs : _b[s.n., _c1925] ( _eEvreux : _fCh. Herissey) |
||
| 300 |
_a2 v. ; _c22 cm. |
||
| 852 |
_aES-MaACL _jA-3989-90 |
||
| 999 |
_c51503 _d51503 |
||